000 04946nam a2200397 a 4500
001 dia_747
003 CHAP
005 20251205105925.0
007 ta
008 220117s1997 mx ado frm 001 0 spa d
010 _a171296
040 _cCHAP
_amxchpua
041 0 _aspa
090 _aTesis
_bR632
_c1997
100 1 _aRodríguez Hernández, Adriana Inés
245 1 0 _aPropiedades reológicas dinámicas de geles formados por mezclas Gelana-Xantana y Gelana-i-Carragenina /
_cAdriana Inés Rodríguez Hernández
264 _aMéxico :
_bEl autor,
_c1997
300 _axii, 172 hojas :
_bilustraciones, tablas, gráficas, fotografías
336 _2rdacontent
_atexto
_btxt
337 _2rdamedia
_ano mediado
_bn
338 _2rdacarrier
_avolumen
_bnc
502 _aTesis
_b (M. C. en Ciencia de Alimentos) --
_cUNAM. Facultad de Química,
_d1997
504 _aBibliografía: hojas 137-140
520 3 _aEn las últimas décadas, el uso de mezclas de polisacáridos en sistemas alimenticios ha abierta la posibilidad de obtener una gama mas amplia de texturas y una combinación de propiedades reológicas. Por ejemplo, es frecuente encontrar casos en donde se requiere mezclar un polisacárido gelificante con un no gelificante para uiluir"atributos de textura proporcionados por el primero e impartir caracteristicas propias de un agente no gelificante (estabilidad a procesos térmicos e inhibición de la exudación del disolvente) o hacer uso de mezclas de polisacáridos gelificantes, particularmente cuando éstos muestran sinergismo o cuando se requiere obtener una combinación de propiedades mecánicas y de atributos de textura. Lo anterior motivó a estudiar las propiedades reológicas dinámicas en sistemas constituidos pormezclás de hidrocoloides gelificante-gelificante (gelana---carragenina)y gelificante-no gelificante (gelana-xantana), a partir de cizalla oscilatoria de pequeña amplitud con la finalidad de determinar la contribución de los diferentes polisacáridos sobre el espectro mecánico dinámico y cuantificar posibles interacciones sinérgicas en las mezclas. Se prepararon geles con concentración total de polisacárido de 0.5% variando la proporción de cada componente en la mezcla, para promover la gelificación se adicionó CaCl2 0.01 mol/kg y se determinó usar como tiempo de envejecimiento previo a las pruebas reológicas, 48 horas a temperatura de refrigeración. Se llevaron a cabo pruebas de cizalla oscilatoria de pequeña amplitud a 25 °C, en un Reómetro Haake Rotovisco RV 20 CV 20N, usando geometrias de placas paralelas y cono y placa de acuerdo a las condiciones fisicas de la muestra. Todas lasdeterminaciones reológicas se realizaron en la region lineal viscoelástica observándose mayor repetibilidad en el límite superior de ésta. Los módulos de almacenamiento de los geles en ambos sistemas de mezclas, presentaron valores decrecientes conforme el contenido de gelana disminuia en la mezcla, sin embargo las caracteristicas elásticas del gel, interpretadas a través de los valores de tangente de delta, no mostraron la misma tendencia; geles con contenido de gelana en la mezcla menor o igual al 50% presentaron caracteristicas elásticas ligeramente mayores a las mezclas restantes, incluyendo a los geles de gelana sola a igual concentración total. Lo anterior hace suponer la existencia de diferentes tipos de agregación de cadenas o zonas de unión que por ser de naturaleza diferente tienen tiempos de relajación también diferentes, por lo que es posible que aldisminuir la proporción de gelana en la mezcla, las redes del hidrocoloide compiementario, las cuales poseen valores mas pequefos de G', hacen descender los modulos de almacenamiento del gel binario pero contribuyen a la elasticidad global del gel. De la revisión bibliográfica y de la discusión de resultados surge la hipbtesis de. incompatibilidad termodinámica", lo cual explicaría: la disminución de G' y G"en las mezclas en relación a gelana sola a igual concentración y la disminución de G' en los geles binarios en comparación con geles monocomponentes de gelana, con igual contenido de ésta a pesar de tener menores concentraciones totales de hidrocoloide. Finalmente, los datos experimentales de G' y G" se ajustaron al Modelo generalizado de Maxwell por medio de regresion no lineal, obteniendo un ajuste satisfactorio cuando se usaron cuatro elementos del espectro de relajación.
650 1 3 _aGeles de carragenano
_2atg
650 1 3 _aGeles
_xPropiedades sensoriales
_2atg
650 1 3 _aGoma xantana
_2atg
650 1 3 _aGels
_xSensory properties
_2atg
650 1 3 _aCarrageenan gels
_2atg
650 1 3 _aXanthan gum
_2atg
700 1 _aTecante Coronel, Alberto
_edirector
901 _aTESIS R632 1997
902 _aM
905 _a5232271997 mx nma 8223123322spa16
942 _cTESIS
_2Clasificación Universidad Autónoma Chapingo
999 _c171296
_d171296